| 000 | 00709nam a22002177a 4500 | ||
|---|---|---|---|
| 003 | 0 | ||
| 005 | 20250130151248.0 | ||
| 008 | 250130b xxu||||| |||| 00| 0 eng d | ||
| 050 |
_aTP 983 _b.D74 2023 |
||
| 100 | _aDeris, Leah | ||
| 245 |
_aCele cosmetics manufacturing _c Leah Deris |
||
| 260 |
_aLas Pinas City _bSouthville International School and Colleges _c2023 |
||
| 300 |
_a161 pages ; _c28cm. |
||
| 500 | _aEntrepreneurship. | ||
| 504 | _aIncludes bibliographical references and appendices. | ||
| 650 | _aCosmetics—Manufacturing. | ||
| 650 | _aCosmetics—Composition. | ||
| 650 | _aPersonal care products—Production. | ||
| 650 | _aChemical technology—Cosmetics. | ||
| 942 |
_2lcc _cTH |
||
| 999 |
_c367088 _d367088 |
||